Guía de comprensión de lectura : textos humanísticos /

Guardado en:
Autor Principal: Zacaula Sanpieri, Frida
Formato: Libro
Publicado: México : Sep/sesic, 1988
Materias:
Etiquetas: Agregar Etiqueta
Sin Etiquetas, Sea el primero en etiquetar este registro!
LEADER 00518nam a22001815a 4500
001 CEM.cems006727
005 20060214000000.0
008 130507s1988##################000#0#####d
003 CEMS
082 0 4 |a 372.4 
100 1 |a Zacaula Sanpieri, Frida 
245 1 0 |a Guía de comprensión de lectura :  |b textos humanísticos / 
260 |a México :  |b Sep/sesic,  |c 1988 
300 |a 117 p. 
653 |a Comprension de textos 
653 |a Educacion 
653 |a Lectura 
859 |a CEMS  |b BIB. CEMS - 11 de abril  |h 372.4  |i Z11  |p 16770.92  |t Ej.1